Katherine Garrison Chapin papers, (Record no. 43446)

MARC details
000 -LEADER
fixed length control field 01756cpcaa2200385 4500
001 - CONTROL NUMBER
control field mm 82012682
003 - CONTROL NUMBER IDENTIFIER
control field DLC
005 - DATE AND TIME OF LATEST TRANSACTION
control field 20260227111712.0
007 - PHYSICAL DESCRIPTION FIXED FIELD--GENERAL INFORMATION
fixed length control field cr |||||||||||
008 - FIXED-LENGTH DATA ELEMENTS--GENERAL INFORMATION
fixed length control field 820702|||||||||||| eng
010 ## - LIBRARY OF CONGRESS CONTROL NUMBER
LC control number mm 82012682
040 ## - CATALOGING SOURCE
Original cataloging agency DLC
Transcribing agency DLC
Description conventions dacs
Modifying agency DLC
072 #7 - SUBJECT CATEGORY CODE
Subject category code L
Source lcmd
100 1# - MAIN ENTRY--PERSONAL NAME
Personal name Chapin, Katherine Garrison,
Dates associated with a name 1890-1977.
245 00 - TITLE STATEMENT
Title Katherine Garrison Chapin papers,
Inclusive dates 1930-1972.
300 ## - PHYSICAL DESCRIPTION
Extent 1,200
Type of unit items.
300 ## - PHYSICAL DESCRIPTION
Extent 7
Type of unit containers.
300 ## - PHYSICAL DESCRIPTION
Extent 2.8
Type of unit linear feet.
506 1# - RESTRICTIONS ON ACCESS NOTE
Terms governing access Restrictions apply.
520 8# - SUMMARY, ETC.
Summary, etc. Correspondence; drafts of plays, poems, short stories, articles, and other writings; notes and notebooks; reviews; biographical material; publicity; and printed matter. Chiefly drafts of published and unpublished poetry and plays, including "Sojourner Truth," "The Tapestry of the Duchess," "The Other Journey," and "To Speak Before Sleep...."
544 ## - LOCATION OF OTHER ARCHIVAL MATERIALS NOTE
Materials specified Musical scores
Provenance transferred to
Custodian Library of Congress Music Division.
545 0# - BIOGRAPHICAL OR HISTORICAL DATA
Biographical or historical data Poet and author. Mrs. Francis Biddle.
546 ## - LANGUAGE NOTE
Language note Collection material in English.
555 8# - CUMULATIVE INDEX/FINDING AIDS NOTE
Cumulative index/finding aids note Finding aid available in the Library of Congress Manuscript Reading Room and at
Uniform Resource Identifier <a href="http://hdl.loc.gov/loc.mss/eadmss.ms010311">http://hdl.loc.gov/loc.mss/eadmss.ms010311</a>
650 #0 - SUBJECT ADDED ENTRY--TOPICAL TERM
Topical term or geographic name entry element American literature.
650 #0 - SUBJECT ADDED ENTRY--TOPICAL TERM
Topical term or geographic name entry element American poetry.
650 #0 - SUBJECT ADDED ENTRY--TOPICAL TERM
Topical term or geographic name entry element Literature.
650 #0 - SUBJECT ADDED ENTRY--TOPICAL TERM
Topical term or geographic name entry element Poetry.
656 #7 - INDEX TERM--OCCUPATION
Occupation Authors.
Source of term itoamc
656 #7 - INDEX TERM--OCCUPATION
Occupation Poets.
Source of term itoamc
856 4# - ELECTRONIC LOCATION AND ACCESS
Materials specified Finding aid
Uniform Resource Identifier <a href="http://hdl.loc.gov/loc.mss/eadmss.ms010311">http://hdl.loc.gov/loc.mss/eadmss.ms010311</a>
856 4# - ELECTRONIC LOCATION AND ACCESS
Materials specified Finding aid (PDF)
Uniform Resource Identifier <a href="http://hdl.loc.gov/loc.mss/eadmss.ms010311.3">http://hdl.loc.gov/loc.mss/eadmss.ms010311.3</a>

No items available.

Powered by Koha